Upsizing the Individual in the Downsized Organization (Record no. 36812)

MARC details
000 -LEADER
fixed length control field 00472nam a2200181Ia 4500
020 ## - INTERNATIONAL STANDARD BOOK NUMBER
ISBN 0-201-62712-4
050 ## - CALL MARK
Classification number HD58.85J65
100 ## - STATEMENT OF RESPONSIBILITY--MAIN AUTHOR NAME
Personal name Robert Johansen
245 #0 - TITLE STATEMENT
Title Upsizing the Individual in the Downsized Organization
260 ## - PUBLICATION, DISTRIBUTION, ETC. (IMPRINT)
Place of publication Massachusetts
260 ## - PUBLICATION, DISTRIBUTION, ETC. (IMPRINT)
Name of publisher Addison - Wesley PUblishing Co
260 ## - PUBLICATION, DISTRIBUTION, ETC. (IMPRINT)
Year of publication 1994
300 ## - PHYSICAL DESCRIPTION
Number of Pages 191 p
650 ## - SUBJECT ADDED ENTRY--TOPICAL TERM
Topical Term Personnel Management
942 ## - ADDED ENTRY ELEMENTS (KOHA)
Koha item type Books
Holdings
Withdrawn status Lost status Source of classification or shelving scheme Damaged status Not for loan Permanent Location Current Location Date acquired Accession Number Price effective from Koha item type
    Library of Congress Classification     NILE UNIVERSITY OF NIGERIA - MAIN LIBRARY NILE UNIVERSITY OF NIGERIA - MAIN LIBRARY 04/23/2025 0003378 04/23/2025 Books